000 00552nam a2200193Ia 4500
008 160319s9999 xx 000 0 und d
050 _aFic
050 _b.B347w 1958
100 _aBaum, Frank
245 4 _aThe Wizard of OZ /
245 _cby L. Frank Baum ; with pictures by W.W. Denslow.
260 _bShivam Offset Press,
260 _c1958
300 _a156 pages;
300 _billustrations :
440 _aScholastic Junior Classics.
500 _aOriginally published under title: The wonderful Wizard of Oz.
650 _aFantasy.
999 _c292022
_d292022